000 00410pab a2200145 454500
008 180718b2006 xxu||||| |||| 00| 0 eng d
100 _aCheever, Kathryn A.I.
245 _aCollaborations in public service: memphis experience
260 _c2006
300 _ap.533-55.
650 _aCollaborations
650 _aPublic utilities
773 _aInternational Journal of Public Administration
909 _a71013
999 _c71013
_d71013